Little Calumet River, Indiana : general design memorandum, phase II : summary of flood control features.

Bibliographic Details
Corporate Author: United States. Army. Corps of Engineers. Chicago District
Format: Government Document Map
Language:English
Published: Chicago, Ill. : U.S. Army Engineer District, Corps of Engineers, [1988?]
Subjects:

MARC

Tag First Indicator Second Indicator Subfields
LEADER 00000cem a2200000 a 4500
001 in00000873513
005 20151019123815.0
007 aj canzn
008 890322s1988 ilug a f 0 eng d
010 |a gp 89010094  
034 1 |a a  |b 49600000 
035 |a (OCoLC)19414587 
035 |9 AEJ4767AM 
040 |a GPO  |c GPO  |d UtOrBLW 
052 |a 4091 
074 |a 334-C-1 
086 0 |a D 103.49/3:L 72/plate A 
110 1 |a United States.  |b Army.  |b Corps of Engineers.  |b Chicago District. 
245 1 0 |a Little Calumet River, Indiana :  |b general design memorandum, phase II : summary of flood control features. 
255 |a Scale [ca. 1:49,600,000]. 
264 1 |a Chicago, Ill. :  |b U.S. Army Engineer District, Corps of Engineers,  |c [1988?] 
300 |a 1 map :  |b color ;  |c 34 x 48 cm., on sheet 36 x 51 cm. 
336 |a cartographic image  |b cri  |2 rdacontent 
337 |a unmediated  |b n  |2 rdamedia 
338 |a sheet  |b nb  |2 rdacarrier 
500 |a Relief shown by spot heights. 
500 |a Shows levee systems and new and existing pumping stations. 
500 |a Shipping list number: 89-60-P. 
500 |a "Plate A." 
500 |a Cartographic material. 
650 0 |a Flood control  |z Indiana  |z Little Calumet River. 
651 0 |a Little Calumet River (Ill. and Ind.)  |x Maps. 
999 |a MARS 
999 f f |s 79f8727f-85ee-3104-97e0-a5a00e177f31  |i 54ec41fd-66ba-3cbe-a4b2-8de5725fd307  |t 0 
952 f f |p normal  |a Texas A&M University  |b College Station  |c Sterling C. Evans Library  |d Evans: Maps (2nd floor)  |t 0  |h No information provided  |i unmediated -- sheet 
998 f f |t 0  |l Evans: Maps (2nd floor)